000 00869nam a22002177a 4500
999 _c58876
_d58876
005 20221107171042.0
008 221012s2019ge xxu||||| |||| 00| 0 ger d
020 _a9783126071550 X
080 _a811.112.2;373 N-46
245 _a Netzwerk neu :
_bA1.2. Kurs- und Ubungsbuch mit Audios und Videos /
_cStefanie Dengler, Paul Rusch, Helen Schmitz, Tanja Sieber.
264 _a Stuttgart :
_bErnst Klett Sprachen ,
_c2019.
300 _a 176 p.:
_billustrations ;
_c29 cm.
440 _a Deutsch als Fremdsprache
_915299
653 _aNetzwerk neu : A1.2. Kurs- und Ubungsbuch mit Audios und Videos
653 _aგერმანული ლექსიკა
700 _aDengler, Stefanie
_eAuthor
_915290
700 _aRusch, Paul
_eAuthor
_915285
700 _aSchmitz , Helen
_eAuthor
_910081
700 _aSieber, Tanja
_eAuthor
_915291
942 _2udc
_cBK